Effects of sports sponsorship on performance of Kenyan firms involved in sports (Record no. 16261)

MARC details
000 -LEADER
fixed length control field 00555nam a22001577a 4500
008 - FIXED-LENGTH DATA ELEMENTS--GENERAL INFORMATION
fixed length control field 161125b xxu||||| |||| 00| 0 eng d
040 ## - CATALOGING SOURCE
Original cataloging agency KABU
Transcribing agency KABU
050 ## - LIBRARY OF CONGRESS CALL NUMBER
Classification number GV716
Item number .M35 2014 c. 1
100 ## - MAIN ENTRY--PERSONAL NAME
Personal name Makungu, Lyndah
245 ## - TITLE STATEMENT
Title Effects of sports sponsorship on performance of Kenyan firms involved in sports
Statement of responsibility, etc. Lyndah Makungu
250 ## - EDITION STATEMENT
Edition statement 1st ed.
260 ## - PUBLICATION, DISTRIBUTION, ETC. (IMPRINT)
Place of publication, distribution, etc. Nakuru, Kenya
Name of publisher, distributor, etc. Kabarak University
Date of publication, distribution, etc. 2014
300 ## - PHYSICAL DESCRIPTION
Extent xi, 76 p.
Accompanying material CD-ROM
700 ## - ADDED ENTRY--PERSONAL NAME
Personal name Njehia, Bernard
942 ## - ADDED ENTRY ELEMENTS (KOHA)
Source of classification or shelving scheme Library of Congress Classification
Koha item type Thesis, Dissertation and Projecs
Edition 1st ed.
Classification part GV716 .M35 2014 c. 1
Call number prefix KTC/The
Holdings
Withdrawn status Lost status Source of classification or shelving scheme Not for loan Home library Current library Shelving location Date acquired Total Checkouts Full call number Barcode Date last seen Copy number Price effective from Koha item type
    Library of Congress Classification   Kabarak, Nakuru City Campus Kabarak, Nakuru City Campus Reference 25/11/2016   GV716 .M35 2014 c. 1 018100 25/11/2016 c. 1 25/11/2016 Thesis, Dissertation and Projecs
Designed with assistance from East African Informatics Ltd